| 000 | 00559nam a2200193 4500 | ||
|---|---|---|---|
| 001 | 120581 | ||
| 003 | ES-MaACL | ||
| 005 | 20230906191600.0 | ||
| 007 | t| | ||
| 008 | 070214s1970 sp r ||||1| spa d | ||
| 080 | _a655.4/.5 | ||
| 100 | 1 |
_aPol Arrojo, Jesús. _992784 |
|
| 245 | 1 | 3 |
_aEl libro y su comercialización / _cJesús Pol Arrojo. |
| 260 |
_aMadrid : _bParaninfo, _c1970. |
||
| 300 |
_a240 p., 5 lám. : _bil. ; _c22 cm. |
||
| 504 | _aBibliografía: p. 239-240. | ||
| 650 | 4 |
_aLibros- _xComercialización. _9173797 |
|
| 852 | 4 |
_aES-MaACL _jC-45143 |
|
| 999 |
_c120581 _d120581 |
||